[Event "FRA-ch op-B"]
[Site "Pau"]
[Date "2008.08.16"]
[Round "5"]
[White "Sauvan, Olivier"]
[Black "Hourlier, Claire"]
[Result "1-0"]
[WhiteElo "1956"]
[BlackElo "1875"]
[PlyCount "71"]
[EventDate "2008.08.11"]
[EventType "swiss"]
[EventRounds "11"]
[EventCountry "FRA"]
[SourceTitle "CBM 126 Extra"]
[Source "ChessBase"]
[SourceDate "2008.11.05"]
[SourceVersion "1"]
[SourceVersionDate "2008.11.05"]
[SourceQuality "1"]

1. d4 Nf6 2. c4 e5 3. dxe5 Ng4 4. Nf3 Bc5 5. e3 Nc6 6. Bd2 0-0 7. Be2 a5 8. 0-0 Ngxe5 9. Bc3 Nxf3+ 10. Bxf3 d6 11. Be4 Ne5 12. b3 Qh4 13. Nd2 c6 14. Qc2 f5 15. Bf3 f4 16. Bxe5 dxe5 17. exf4 Qxf4 18. Ne4 Bf5 19. Qe2 Bd4 20. Rad1 Rad8 21. Ng3 Bg6 22. Qe1 Rde8 23. Qxa5 Bxf2+ 24. Rxf2 e4 25. Rdf1 exf3 26. Rxf3 Qd4+ 27. Kh1 Rxf3 28. Rxf3 Be4 29. Rf1 Qd3 30. Qa7 Qc2 31. Nxe4 Qxe4 32. Qxb7 Re7 33. Qc8+ Re8 34. Qd7 Re7 35. Qd2 Qg4 36. Qd8+ 1-0

[Event "FRA-ch op-B"]
[Site "Pau"]
[Date "2008.08.15"]
[Round "4"]
[White "De Seroux, Camille"]
[Black "Sauvan, Olivier"]
[Result "1-0"]
[WhiteElo "1898"]
[BlackElo "1956"]
[PlyCount "79"]
[EventDate "2008.08.11"]
[EventType "swiss"]
[EventRounds "11"]
[EventCountry "FRA"]
[SourceTitle "CBM 126 Extra"]
[Source "ChessBase"]
[SourceDate "2008.11.05"]
[SourceVersion "1"]
[SourceVersionDate "2008.11.05"]
[SourceQuality "1"]

1. e4 d6 2. d4 Nf6 3. Nc3 Nbd7 4. g4 h6 5. Be3 e5 6. h3 Be7 7. Nge2 Nf8 8. Ng3 g5 9. Qd2 Ng6 10. 0-0-0 c6 11. Nf5 Bxf5 12. exf5 Nf4 13. dxe5 dxe5 14. Qe1 Qc7 15. Kb1 0-0 16. f3 b5 17. h4 a5 18. hxg5 hxg5 19. Qg3 Kg7 20. Rd2 Rh8 21. Rdh2 a4 22. a3 Rad8 23. Qf2 Qb7 24. Rxh8 Rxh8 25. Rxh8 Kxh8 26. Bc5 Kg7 27. Bxe7 Qxe7 28. Qb6 Qd7 29. Qc5 e4 30. fxe4 Nxg4 31. Qg1 f6 32. Qxg4 Qd4 33. Qd1 Qb6 34. Ne2 Nh5 35. Qd4 Qc7 36. Qd3 g4 37. Nd4 Qc8 38. Be2 c5 39. Ne6+ Kh6 40. Bxg4 1-0

[Event "FRA-ch U16"]
[Site "Le Grand Bornand"]
[Date "2007.04.09"]
[Round "2"]
[White "Sauvan, Olivier"]
[Black "Charmeteau, Sven"]
[Result "0-1"]
[WhiteElo "1968"]
[BlackElo "2149"]
[PlyCount "52"]
[EventDate "2007.04.07"]
[EventType "swiss"]
[EventRounds "9"]
[EventCountry "FRA"]
[SourceTitle "CBM 118 Extra"]
[Source "ChessBase"]
[SourceDate "2007.07.04"]
[SourceVersion "1"]
[SourceVersionDate "2007.07.04"]
[SourceQuality "1"]

1. d4 d5 2. Nf3 Nf6 3. c4 e6 4. Nc3 c5 5. Bg5 cxd4 6. Nxd4 Be7 7. e3 0-0 8. Qb3 dxc4 9. Bxc4 a6 10. a4 Qa5 11. Bh4 b5 12. Bd3 Bb7 13. 0-0 b4 14. Nce2 Nbd7 15. Rac1 Nc5 16. Qd1 Rfd8 17. Nb3 Qb6 18. Nxc5 Bxc5 19. Qb3 Qc6 20. e4 Nxe4 21. Bxe4 Qxe4 22. Qg3 Rd3 23. Nc3 bxc3 24. Rfe1 cxb2 25. Rb1 Rxg3 26. Rxe4 Rxg2+ 0-1

[Event "FRA-chT3 Gr01 0607"]
[Site "France"]
[Date "2006.10.01"]
[Round "1.3"]
[White "Sauvan, Olivier"]
[Black "Roussiere, Christophe"]
[Result "0-1"]
[WhiteElo "2017"]
[BlackElo "2118"]
[PlyCount "65"]
[EventDate "2006.10.15"]
[EventType "team"]
[EventRounds "9"]
[EventCountry "FRA"]
[SourceTitle "EXT 2008"]
[Source "ChessBase"]
[SourceDate "2007.11.25"]
[SourceVersion "1"]
[SourceVersionDate "2007.11.25"]
[SourceQuality "1"]

1. d4 Nf6 2. c4 e6 3. Nf3 b6 4. Nc3 Bb7 5. Bg5 Be7 6. e3 0-0 7. Bd3 d6 8. 0-0 Nbd7 9. Rc1 c5 10. Qe2 Re8 11. Rfd1 Qb8 12. Qc2 h6 13. Bh4 Bf8 14. h3 a6 15. a3 Ra7 16. Bg3 Qa8 17. e4 cxd4 18. Nxd4 Nc5 19. f3 Nxd3 20. Rxd3 d5 21. cxd5 exd5 22. e5 Nd7 23. Re1 Nc5 24. Rde3 Ne6 25. Nxe6 fxe6 26. R3e2 Qd8 27. Rd2 Ra8 28. Kh1 Qg5 29. Bh2 Rac8 30. Rd4 Bc5 31. Rg4 Qf5 32. Qd2 b5 33. Qxh6 0-1

[Event "Cap d'Agde Avenir op"]
[Site "Cap d'Agde"]
[Date "2003.10.28"]
[Round "6"]
[White "Sauvan, Olivier"]
[Black "Miguel, Alain"]
[Result "1/2-1/2"]
[WhiteElo "1500"]
[BlackElo "1730"]
[PlyCount "82"]
[EventDate "2003.10.24"]
[EventType "swiss"]
[EventRounds "9"]
[EventCountry "FRA"]
[SourceTitle "EXT 2005"]
[Source "ChessBase"]
[SourceDate "2004.11.15"]
[SourceVersion "1"]
[SourceVersionDate "2004.11.15"]
[SourceQuality "1"]

1. d4 Nf6 2. c4 g6 3. Nc3 Bg7 4. e4 d6 5. Nf3 0-0 6. Be2 e5 7. d5 a5 8. Be3 Na6 9. 0-0 Nh5 10. Qd2 f5 11. exf5 Bxf5 12. h3 Bd7 13. Rac1 Nf4 14. Bxf4 Rxf4 15. g3 Rf6 16. Kg2 Nc5 17. Rh1 Qf8 18. Rcf1 Re8 19. h4 h6 20. Nh2 h5 21. f3 Bh6 22. Qd1 e4 23. fxe4 Nxe4 24. Nxe4 Rxe4 25. Rxf6 Qxf6 26. Rf1 Qxb2 27. Rf2 Qe5 28. Bd3 Re1 29. Qc2 Qa1 30. Rf1 Rxf1 31. Nxf1 Qe5 32. Bxg6 Be8 33. Qe4 Qxe4+ 34. Bxe4 c6 35. Kf3 Bf7 36. Ne3 Bxe3 37. Kxe3 cxd5 38. cxd5 b5 39. a3 Kg7 40. Kd4 Kf6 41. Bd3 Be8 1/2-1/2

[Event "FRA-chT U20 0203"]
[Site "Clichy"]
[Date "2002.12.01"]
[Round "2.5"]
[White "Forgues, Valerie"]
[Black "Sauvan, Olivier"]
[Result "0-1"]
[WhiteElo "1520"]
[BlackElo "1390"]
[PlyCount "68"]
[EventDate "2002.12.??"]
[EventType "team"]
[EventRounds "11"]
[EventCountry "FRA"]
[SourceTitle "EXT 2004"]
[Source "ChessBase"]
[SourceDate "2003.11.25"]
[SourceVersion "1"]
[SourceVersionDate "2003.11.25"]
[SourceQuality "1"]
[WhiteTeam "Pau"]
[BlackTeam "Montpellier"]
[WhiteTeamCountry "FRA"]
[BlackTeamCountry "FRA"]

1. e4 c5 2. Nf3 g6 3. d4 Bg7 4. Nc3 cxd4 5. Nxd4 Nc6 6. Be3 d6 7. Bc4 Bd7 8. Qd2 Nxd4 9. Bxd4 Nf6 10. f3 0-0 11. 0-0-0 a6 12. Be3 Rc8 13. Bb3 b5 14. h4 h5 15. Bh6 Rc5 16. Bxg7 Kxg7 17. Nd5 Nxd5 18. Bxd5 Be6 19. Qd4+ Kh7 20. Bxe6 fxe6 21. Qe3 Qc7 22. c3 b4 23. Rd3 Rc8 24. Kc2 a5 25. Rc1 Qc6 26. Kb1 a4 27. Qd4 a3 28. Rc2 axb2 29. Qxb4 Rb5 30. Qd4 Rcb8 31. Qe3 Qc4 32. Rd1 Qxa2+ 33. Kxa2 Ra5+ 34. Kb1 Ra1# 0-1